MARC details
| 000 -BAŞLIK |
| Sabit Uzunluktaki Kontrol Alanı |
04101nam a22003497a 4500 |
| 001 - KONTROL NUMARASI |
| Control Dosyası |
0000844 |
| 003 - KONTROL NUMARASI KİMLİĞİ |
| Kontrol Alanı |
KOHA_MİRAKIL |
| 005 - EN SON İŞLEM TARİHİ ve ZAMANI |
| Kontrol Alanı |
20260207001222.0 |
| 007 - FİZİKSEL TANIM SABİT ALAN - GENEL BİLGİ |
| Sabit uzunluklu kontrol alanı |
ta |
| 008 - SABİT UZUNLUKTAKİ VERİ ÖGELERİ - GENEL BİLGİ |
| Sabit Alan |
081212b2006 tu |||gr||||#||||0|tur | |
| 020 ## - ISBN - ULUSLARARASI STANDART KİTAP NUMARASI |
| Isbn |
9755114149 |
| Kullanılabilirlik koşulları |
YTL17,690000000000001 |
| 040 ## - KATALOGLAMA KAYNAĞI |
| Özgün Kataloglama Kurumu |
TR-BiSEU |
| Kataloglama Dili |
tur |
| Çeviri Kurumu |
TR-BiSEU |
| Açıklama Kuralları |
rda |
| 041 0# - DİL KODU |
| Metin ya da ses kaydının dil kodu |
tur |
| 044 ## - YAYINLAYAN/ÜRETEN KURULUŞUN ÜLKE KODU |
| ISO country code |
tu |
| 050 ## - SINIFLAMA ve YER NUMARASI |
| Sınıflama Numarası |
TK2181 |
| Yer Numarası |
.M47 2006 |
| 100 1# - KİŞİ ADI |
| Yazar Adı (Kişi adı) |
Mergen, A. Faik. |
| 245 1# - ESER ADI BİLDİRİMİ |
| Başlık |
Elektrik makineleri 3 : |
| Alt Eseradı vb. |
senkron makineler/ |
| Sorumluluk Bildirimi |
A. Faik Mergen ; A. Faik Mergen, Sibel Zorlu. |
| 264 #1 - ÜRERİM, YAYIN, DAĞITIM ve TELİF BİLDİRİMİ |
| Yayın yeri |
İstanbul : |
| Yayınlayan |
Birsen Yayınevi |
| Yayın tarihi |
2006 |
| 300 ## - FİZİKSEL TANIMLAMA |
| Sayfa, Cilt vb. |
... c.<3> |
| 336 ## - İÇERİK TÜRÜ |
| Content type term |
metin |
| Content type code |
txt |
| Source |
rdacontent |
| 337 ## - MEDYA TÜRÜ |
| Media type term |
aracısız |
| Media type code |
n |
| Source |
rdamedia |
| 338 ## - TAŞIYICI TÜRÜ |
| Carrier type term |
cilt |
| Carrier type code |
nc |
| Source |
rdacarrier |
| 500 ## - GENEL NOT |
| Genel Not |
Kaynakça ve dizin var. |
| 505 ## - İÇİNDEKİLER NOTU |
| İçindekiler Notu |
SENKRON MAKİNELER |
| 650 #0 - KONU BAŞLIĞI EK GİRİŞ - KONU TERİMİ |
| Konusal terim veya coğrafi ad |
Electric machinery, Induction. |
| 9 (RLIN) |
3356 |
| 650 #0 - KONU BAŞLIĞI EK GİRİŞ - KONU TERİMİ |
| Konusal terim veya coğrafi ad |
Transformatörler. |
| 9 (RLIN) |
3357 |
| 650 #0 - KONU BAŞLIĞI EK GİRİŞ - KONU TERİMİ |
| Konusal terim veya coğrafi ad |
Electric machinery, Synchronous. |
| 9 (RLIN) |
3358 |
| 650 #0 - KONU BAŞLIĞI EK GİRİŞ - KONU TERİMİ |
| Konusal terim veya coğrafi ad |
Electric machinery. |
| 9 (RLIN) |
3359 |
| 650 #0 - KONU BAŞLIĞI EK GİRİŞ - KONU TERİMİ |
| Konusal terim veya coğrafi ad |
Elektrik makineleri. |
| 9 (RLIN) |
2670 |
| 650 #0 - KONU BAŞLIĞI EK GİRİŞ - KONU TERİMİ |
| Konusal terim veya coğrafi ad |
Electric transformers. |
| 9 (RLIN) |
3360 |
| 942 ## - EK GİRİŞ ÖGELERİ (KOHA) |
| Source of classification or shelving scheme |
Library of Congress Classification |
| Koha item type |
Book |
| 505 ## - İÇİNDEKİLER NOTU |
| -- |
Elektrik Makinelerinin Sınıflandırılması |
| -- |
Elektrik Makinelerinde Enerji Dönüşümü |
| -- |
Elektrik Makinelerinde Kullanılan Temel Yasalar |
| -- |
Endüksiyon Yasası |
| -- |
Biot-Savart Yasası |
| -- |
Amper Yasası |
| -- |
Elektro-manyetik Devre |
| -- |
Senkron Makinenin Çalışma İlkesi |
| -- |
Generatör Çalışma |
| -- |
Motor Çalışma |
| -- |
SENKRON MAKİNELERİN KONSTRÜKSİYONU |
| -- |
Statorun Yapısı |
| -- |
Rotorun Yapısı |
| -- |
Turbo (Yuvarlak Kutuplu) Rotor |
| -- |
Çıkık Kutuplu Rotor |
| -- |
Kutup Ayaklarının Yapısı |
| -- |
Uyarma Devresi |
| -- |
Kutup Sargısı (Uyarma Sargısı) |
| -- |
Amortisör (Söndürüm) Sargısı |
| -- |
Uyarma Sistemleri |
| -- |
Fırçalı Uyarma Sistemi |
| -- |
Fırçasız Uyarma Sistemi |
| -- |
Senkron Makinelerde Soğutma |
| -- |
Soğutma Yöntemleri |
| -- |
Tabii Soğutma |
| -- |
Zorlanmış Soğutma |
| -- |
Kapalı Devre Soğutma |
| -- |
Doğrudan Soğutma |
| -- |
Soğutucu Malzemeler |
| -- |
Gazlar |
| -- |
Sıvılar |
| -- |
Soğutucunun Yönlendirilme Şekilleri |
| -- |
Radyal |
| -- |
Aksiyal |
| -- |
Karma |
| -- |
SENKRON MAKİNEDE ENDÜVİ REAKSİYONU |
| -- |
Generatör Çalışmada Endüvi Reaksiyonu |
| -- |
Generatörün Omik Yükte Endüvi Reaksiyonu |
| -- |
Generatörün Endüktif Yükte Endüvi Reaksiyonu |
| -- |
Generatörün Kapasitif Yükte Endüvi Reaksiyonu |
| -- |
Motor Çalışmada Endüvi Reaksiyonu |
| -- |
Motorun Omik Yükte Endüvi Reaksiyonu |
| -- |
Motorun Endüktif Yükte Endüvi Reaksiyonu |
| -- |
Motorun Kapasitif Yükte Endüvi Reaksiyonu. |
| -- |
Şebeke ile Paralel Çalışan Senkron Makinede Endüvi |
| -- |
Reaksiyonu |
| -- |
Generatör Çalışmada |
| -- |
Kapasitif Yüklenme |
| -- |
Endüktif Yüklenme |
| -- |
Motor Çalışmada |
| -- |
Kapasitif Yüklenme |
| -- |
Endüktif Yüklenme |
| -- |
SENKRON MAKİNENİN EŞDEĞER DEVRESİ |
| -- |
Yuvarlak Kutuplu Makinenin Eşdeğer Devresi |
| -- |
Çıkık Kutuplu Makinenin Eşdeğer Devresi |
| -- |
Senkron Generatörün Boşta Çalışması |
| -- |
Senkron Generatörün Kısa Devre Çalışması |
| -- |
Senkron Motorun Boşta Çalışması |
| -- |
Senkron Motorun Kısa Devre Çalışması |
| -- |
Ayar Karakteristiği |
| -- |
Kısa Devre Karakteristiği |
| -- |
SENKRON GENERATÖRLERİN PARALEL BAĞLANMASI |
| -- |
Generatörlerin Paralel Çalışması |
| -- |
Paralel Çalışma Koşulları (Senkronizasyon) |
| -- |
Gerilim Eşitliğinin Sağlanması |
| -- |
Frekans Eşitliğinin Sağlanması |
| -- |
Faz Açısı Eşitliğinin Sağlanması |
| -- |
Döner Alan Yön (Faz sırası) Eşitliğinin Sağlanması |
| -- |
Senkronizasyon Koşullarının Kontrolü |
| -- |
Sönen Lamba Düzeni |
| -- |
Yanan Lamba Düzeni |
| -- |
Dönen Lamba Düzeni |
| -- |
SENKRON GENERATÖRLERDE GÜÇ AYARI |
| -- |
Senkron Makinenin Daire Diyagramı |
| -- |
Tek Başına Çalışma |
| -- |
Aktif Güç Ayarı |
| -- |
Yük Açısının Ölçülmesi |
| -- |
Reaktif Güç Ayarı |
| -- |
Aktif Güç Sabit, Reaktif Güç Değişken |
| -- |
Reaktif Güç Sabit, Aktif Güç Değişken |
| -- |
Şebeke ile Paralel Çalışma |
| -- |
Aktif Güç Ayarı |
| -- |
Generatör Çalışmadan Motor Çalışmaya Geçiş |
| -- |
Reaktif Güç Ayarı |
| -- |
Aktif Güç Sabit, Reaktif Güç Değişken |
| -- |
Reaktif Güç Sabit, Aktif Güç Değişken |
| -- |
Senkron Generatörlerin Devreye Alınması |
| -- |
Senkron Makinede "V" Karakteristikleri |
| -- |
SENKRON MOTORA YOL VERME |
| -- |
Senkron Motora Söndürüm Sargılarıyla Asenkron Yol |
| -- |
Verme |
| -- |
Senkron Motora Yardımcı Motorla Yol Verme |